[Event "TCh-TUR Super League 2014"]
[Site "Kocaeli TUR"]
[Date "2014.08.18"]
[Round "1.5"]
[Board "4"]
[White "Bayram, Yakup"]
[Black "Kinsiz, Onur"]
[Result "0-1"]
[WhiteTitle "FM"]
[WhiteElo "2268"]
[BlackElo "2239"]
[WhiteTeam "Tarsus Zeka Satranc Kulubu"]
[BlackTeam "Istanbul Teknik Universitesi Socar – K.N.I."]
[WhiteFideId "6300677"]
[BlackFideId "6301517"]
[EventDate "2014.08.18"]

1. e4 d6 2. d4 Nf6 3. f3 Nbd7 4. c4 e5 5. d5 Be7 6. Nc3 O-O 7. Be3 c6 8. Qd2 a5
9. O-O-O a4 10. g4 Qa5 11. h4 Nc5 12. h5 Nfd7 13. g5 a3 14. b3 Nxb3+ 15. axb3 a2
16. Nxa2 Qxa2 17. Qxa2 Rxa2 18. Kb1 Ra5 19. Bh3 cxd5 20. Rxd5 Rxd5 21. exd5 f5
22. f4 exf4 23. Bxf4 Nc5 24. Nf3 Nd3 25. Bd2 Nf2 26. Re1 Bd8 27. Ng1 Nxh3 28.
Nxh3 f4 29. Nxf4 Bxg5 30. Rf1 Bg4 31. Kc2 Bxh5 32. Nxh5 Rxf1 33. Bxg5 Rf5 34.
Bf4 Rxh5 35. Bxd6 Kf7 36. b4 Ke8 37. Kc3 Kd7 38. Bb8 g5 39. c5 g4 40. Kc4 Rh1
41. b5 h5 42. c6+ Kc8 43. Bf4 Rf1 44. Bg3 Rf3 45. Bh4 g3 46. Be7 Rf1 47. d6 bxc6
48. bxc6 Rd1 49. d7+ Kc7 50. Kb5 g2 51. Bf6 Rd5+ 52. Kc4 Kxc6 0-1

[Event "TCh-TUR Super League 2014"]
[Site "Kocaeli TUR"]
[Date "2014.08.18"]
[Round "1.5"]
[Board "5"]
[White "Erdogan, Hakan"]
[Black "Goksel, Doga Cihan"]
[Result "0-1"]
[WhiteTitle "FM"]
[WhiteElo "2217"]
[BlackElo "2222"]
[WhiteTeam "Istanbul Teknik Universitesi Socar – K.N.I."]
[BlackTeam "Tarsus Zeka Satranc Kulubu"]
[WhiteFideId "6300359"]
[BlackFideId "6301924"]
[EventDate "2014.08.18"]

1. d4 Nf6 2. c4 g6 3. Nc3 Bg7 4. e4 d6 5. f3 O-O 6. Be3 c5 7. dxc5 dxc5 8. Qxd8
Rxd8 9. Bxc5 Nc6 10. Rd1 Rxd1+ 11. Kxd1 Nd7 12. Be3 Nde5 13. Nd5 b6 14. b3 Ba6
15. a3 Rd8 16. Kc2 e6 17. Nc7 Bb7 18. Nh3 Nd4+ 19. Bxd4 Rxd4 20. Nb5 Rd7 21. Be2
a6 22. Nc3 Nc6 23. Rd1 Nd4+ 24. Kb1 Bc6 25. Bf1 Nxb3 26. Rxd7 Bxd7 27. Kc2 Nc5
28. Nf2 f5 29. Nd3 Kf7 30. Nxc5 bxc5 31. Bd3 Ke7 32. Kb3 Kd6 33. f4 Bd4 34. e5+
Kc7 35. Ne2 Be3 36. Kc2 Ba4+ 37. Kc3 Bc6 38. g3 Bf3 39. Kc2 Bxe2 40. Bxe2 Bg1
41. h3 Bh2 42. Kd3 Bxg3 43. Ke3 h6 44. Kf3 Be1 45. Bd1 g5 46. Ba4 Bd2 47. fxg5
hxg5 48. Be8 Bc3 49. Bf7 Kd7 50. Ke3 Bxe5 51. Kf3 Kd6 52. Bg6 Bd4 53. a4 a5 54.
Kg3 Ke5 55. Bf7 Kf6 56. Bg8 e5 57. h4 gxh4+ 58. Kxh4 e4 59. Bh7 Ke5 60. Kg3 f4+
61. Kg2 f3+ 62. Kg3 Bc3 63. Kf2 Kf4 0-1

[Event "TCh-TUR Super League 2014"]
[Site "Kocaeli TUR"]
[Date "2014.08.18"]
[Round "1.5"]
[Board "6"]
[White "Gvetadze, Sofio"]
[Black "Klinova, Masha"]
[Result "1-0"]
[WhiteTitle "IM"]
[BlackTitle "IM"]
[WhiteElo "2361"]
[BlackElo "2312"]
[WhiteTeam "Tarsus Zeka Satranc Kulubu"]
[BlackTeam "Istanbul Teknik Universitesi Socar – K.N.I."]
[WhiteFideId "13601440"]
[BlackFideId "2802015"]
[EventDate "2014.08.18"]

1. Nf3 g6 2. d4 Bg7 3. c3 d5 4. Bf4 Nf6 5. e3 O-O 6. Bd3 Bg4 7. Nbd2 Nbd7 8. h3
Bxf3 9. Nxf3 c6 10. O-O Re8 11. Bh2 Qb6 12. Qe2 e6 13. a4 a5 14. Rfb1 Ne4 15.
Bxe4 dxe4 16. Ng5 f5 17. Qc4 Qa6 18. Qa2 Nf8 19. Bd6 h6 20. Bxf8 hxg5 21. Bxg7
Kxg7 22. b4 axb4 23. Rxb4 Re7 24. c4 Qa5 25. Qb2 Qc7 26. Rb1 Ra7 27. d5+ Kf7 28.
Qh8 cxd5 29. cxd5 Qd7 30. d6 Qxd6 31. Rd4 Qc6 32. Rd8 Re8 33. Rd7+ Re7 34. Qh7+ 1-0

[Event "TCh-TUR Super League 2014"]
[Site "Kocaeli TUR"]
[Date "2014.08.18"]
[Round "1.5"]
[Board "7"]
[White "Ipatov, Alexander"]
[Black "Komut, Burak"]
[Result "1-0"]
[WhiteTitle "GM"]
[WhiteElo "2614"]
[BlackElo "1951"]
[WhiteTeam "Istanbul Teknik Universitesi Socar – K.N.I."]
[BlackTeam "Tarsus Zeka Satranc Kulubu"]
[WhiteFideId "14116731"]
[BlackFideId "6309984"]
[EventDate "2014.08.18"]

1. e4 e5 2. Nf3 Nc6 3. d4 exd4 4. Nxd4 Qh4 5. Nxc6 Qxe4+ 6. Be2 Qxc6 7. O-O Bc5
8. Nc3 Ne7 9. Bf3 Qd6 10. Qxd6 Bxd6 11. Nb5 Nf5 12. Nxd6+ Nxd6 13. Bf4 Kd8 14.
Bxd6 cxd6 15. Rad1 Kc7 16. Rd3 Re8 17. Rfd1 a5 18. Rxd6 Re6 19. R6d3 Raa6 20.
Bd5 Re2 21. Rc3+ Rc6 22. Bxc6 bxc6 23. h4 d6 24. Rd4 Be6 25. a3 c5 26. Kf1 Re5
27. Rf4 Kc6 28. Re3 Rh5 29. Rg3 g6 30. Rg5 Rh6 31. b4 axb4 32. axb4 cxb4 33.
Rxb4 Bf5 34. Rf4 d5 35. c3 Kd6 36. Rd4 Ke5 37. g4 f6 38. f4+ Kd6 39. gxf5 fxg5
40. fxg5 Rh5 41. Kf2 gxf5 42. Rf4 Ke5 43. Kf3 h6 44. g6 Kf6 45. Ke3 Kxg6 46. Kd4
Kf6 47. Kxd5 Ke7 48. Ke5 1-0

[Event "TCh-TUR Super League 2014"]
[Site "Kocaeli TUR"]
[Date "2014.08.18"]
[Round "1.5"]
[Board "8"]
[White "Kaplan, Ebru"]
[Black "Asan, Elvan"]
[Result "0-1"]
[WhiteElo "1882"]
[BlackElo "1821"]
[WhiteTeam "Tarsus Zeka Satranc Kulubu"]
[BlackTeam "Istanbul Teknik Universitesi Socar – K.N.I."]
[WhiteFideId "6315194"]
[BlackFideId "6312209"]
[EventDate "2014.08.18"]

1. e4 c6 2. d4 d5 3. Nc3 dxe4 4. Nxe4 Nf6 5. Nxf6+ gxf6 6. Nf3 Bf5 7. Be2 Qc7 8.
Nh4 Bg6 9. O-O Nd7 10. c3 e6 11. b4 Bd6 12. f4 f5 13. a3 a5 14. bxa5 Rxa5 15. c4
O-O 16. Nf3 Bxf4 17. Bxf4 Qxf4 18. Qb3 Qc7 19. Rfb1 Ra7 20. Nd2 Qf4 21. Qc3 Rfa8
22. Rf1 Qg5 23. c5 Nf6 24. Bf3 Nd5 25. Bxd5 exd5 26. Nf3 Qd8 27. Ne5 f6 28. Nf3
Ra4 29. Nh4 Qa5 30. Qe3 Re8 31. Qg3 Rxd4 32. Nxf5 Rc4 33. Nh6+ Kh8 34. Qf3 Qxc5+
35. Kh1 Qd6 36. Ng4 f5 37. Nh6 Rh4 38. Qc3+ d4 0-1

[Event "TCh-TUR Super League 2014"]
[Site "Kocaeli TUR"]
[Date "2014.08.18"]
[Round "1.5"]
[Board "9"]
[White "Sanal, Vahap"]
[Black "Sevgi, Volkan"]
[Result "0-1"]
[WhiteTitle "IM"]
[BlackTitle "FM"]
[WhiteElo "2473"]
[BlackElo "2142"]
[WhiteTeam "Istanbul Teknik Universitesi Socar – K.N.I."]
[BlackTeam "Tarsus Zeka Satranc Kulubu"]
[WhiteFideId "6300545"]
[BlackFideId "6325335"]
[EventDate "2014.08.18"]

1. c4 Nf6 2. Nf3 c6 3. d4 d5 4. e3 e6 5. b3 Nbd7 6. Bb2 Be7 7. Bd3 O-O 8. Nc3 b6
9. O-O Bb7 10. Qe2 Re8 11. e4 dxe4 12. Nxe4 Nxe4 13. Bxe4 Qc7 14. Rad1 Bf6 15.
c5 g6 16. Rc1 Bg7 17. Rfd1 Rad8 18. b4 Nf6 19. Nd2 Nd5 20. Qc4 b5 21. Qb3 Nf4
22. Qe3 Nd5 23. Qb3 Nf4 24. Bf3 e5 25. Ne4 exd4 26. Nd6 Rxd6 27. cxd6 Qxd6 28.
a3 Rd8 29. h4 Be5 30. g3 Ne6 31. Bg2 Ba8 32. Qd3 a5 33. Re1 Bf6 34. Qd2 Rc8 35.
Be4 axb4 36. axb4 Be7 37. Ba3 Bb7 38. Qd3 Kg7 39. Red1 f5 40. Bf3 Bf6 41. Qb3
Ra8 42. Rb1 Bc8 43. Bc1 Bd7 44. Bd2 Ra4 45. h5 f4 46. Kg2 Be5 47. hxg6 hxg6 48.
Rh1 Ng5 49. Rbe1 Be6 50. Qd1 Nxf3 51. Qxf3 Bd5 52. Re4 Bxe4 53. Qxe4 Qd5 54. Re1
Bd6 55. Qxd5 cxd5 56. gxf4 Ra2 57. Re6 Bf8 58. Be1 Ra1 59. Re5 Kf7 60. f5 Bg7
61. Rxd5 Rxe1 62. Kf3 gxf5 63. Rxf5+ Ke6 64. Rxb5 d3 65. Rb6+ Kd5 0-1

[Event "TCh-TUR Super League 2014"]
[Site "Kocaeli TUR"]
[Date "2014.08.18"]
[Round "1.5"]
[Board "10"]
[White "Okuyaz, Duru"]
[Black "Abdumalik, Zhansaya"]
[Result "0-1"]
[WhiteTitle "WCM"]
[BlackTitle "WGM"]
[WhiteElo "1888"]
[BlackElo "2333"]
[WhiteTeam "Tarsus Zeka Satranc Kulubu"]
[BlackTeam "Istanbul Teknik Universitesi Socar – K.N.I."]
[WhiteFideId "6346022"]
[BlackFideId "13703544"]
[EventDate "2014.08.18"]

1. e4 e6 2. d3 d5 3. Nd2 Nf6 4. Ngf3 b6 5. e5 Nfd7 6. d4 c5 7. c3 Be7 8. Bd3 Ba6
9. Bxa6 Nxa6 10. O-O O-O 11. Qe2 Nab8 12. Nb3 c4 13. Nbd2 Nc6 14. Rd1 b5 15. Nf1
a5 16. b3 Nb6 17. Bb2 Qd7 18. Ne3 Rfc8 19. Nd2 Nd8 20. f4 b4 21. bxc4 Na4 22.
Nb1 dxc4 23. a3 Rab8 24. Qc2 bxc3 25. Bxc3 Rb3 26. Kh1 Qb5 27. d5 Bc5 28. Nf1
exd5 29. Nfd2 d4 30. Nxb3 cxb3 31. Qf5 Ne6 32. Qg4 dxc3 33. f5 c2 34. Re1 Nf8
35. e6 f6 36. e7 Bxe7 37. Nc3 Qa6 0-1

[Event "TCh-TUR Super League 2014"]
[Site "Kocaeli TUR"]
[Date "2014.08.18"]
[Round "1.6"]
[Board "1"]
[White "Dubov, Daniil"]
[Black "Fedoseev, Vladimir3"]
[Result "1/2-1/2"]
[WhiteTitle "GM"]
[BlackTitle "GM"]
[WhiteElo "2614"]
[BlackElo "2672"]
[WhiteTeam "Ankara Demirspor Kulubu"]
[BlackTeam "Besiktas Jimnastik Kulubu"]
[WhiteFideId "24126055"]
[BlackFideId "24130737"]
[EventDate "2014.08.18"]

1. e4 e5 2. Nf3 Nc6 3. Bb5 Nf6 4. Qe2 Qe7 5. O-O g6 6. d4 Nxd4 7. Nxd4 exd4 8.
Bg5 h6 9. Bh4 g5 10. Bg3 c6 11. Bd3 h5 12. Nd2 h4 13. Bc7 d5 14. exd5 Qxe2 15.
Bxe2 Nxd5 16. Be5 Rh6 17. Bxd4 Bf5 18. Nc4 Re6 19. Ne3 Nxe3 20. Bxe3 Bc5 21.
Bxc5 Rxe2 22. Rae1 Re6 23. Rxe6+ fxe6 24. Rd1 Bxc2 25. Rd6 Bf5 26. Be3 Ke7 27.
Rd2 Kf6 28. Rd7 b6 29. Bd4+ e5 30. Rd6+ Be6 1/2-1/2

[Event "TCh-TUR Super League 2014"]
[Site "Kocaeli TUR"]
[Date "2014.08.18"]
[Round "1.6"]
[Board "2"]
[White "Solak, Dragan"]
[Black "Onischuk, Vladimir"]
[Result "1/2-1/2"]
[WhiteTitle "GM"]
[BlackTitle "GM"]
[WhiteElo "2632"]
[BlackElo "2593"]
[WhiteTeam "Besiktas Jimnastik Kulubu"]
[BlackTeam "Ankara Demirspor Kulubu"]
[WhiteFideId "916811"]
[BlackFideId "14114038"]
[EventDate "2014.08.18"]

1. e4 d6 2. d4 g6 3. Nc3 Bg7 4. Nf3 Nf6 5. Be2 O-O 6. O-O a6 7. Re1 Nc6 8. d5
Ne5 9. Nxe5 dxe5 10. Bg5 b5 11. Qd3 Bb7 12. a4 b4 13. Na2 a5 14. c4 c5 15. Nc1
Rc8 16. Qe3 Re8 17. Nd3 Qd6 18. Rad1 h5 19. b3 Nd7 20. g4 hxg4 21. Bxg4 Rc7 22.
Bxd7 Qxd7 23. Qg3 e6 24. d6 Qxd6 25. Nxe5 Qxe5 26. Bf4 Qh5 27. Bxc7 Bxe4 28.
Bxa5 Be5 29. f4 Bc3 30. h3 Bc2 31. Rc1 Bxb3 32. Rxc3 bxc3 33. Qxc3 Bxa4 34. Qf6
e5 35. Rxe5 Qd1+ 36. Be1 Qd4+ 37. Bf2 Qxc4 38. Rxe8+ Bxe8 39. Qd8 Kf8 40. Qd6+
Kg8 41. Bxc5 Kh7 1/2-1/2

[Event "TCh-TUR Super League 2014"]
[Site "Kocaeli TUR"]
[Date "2014.08.18"]
[Round "1.6"]
[Board "4"]
[White "Atakisi, Umut"]
[Black "Selbes, Tarik"]
[Result "1-0"]
[WhiteTitle "IM"]
[BlackTitle "FM"]
[WhiteElo "2343"]
[BlackElo "2289"]
[WhiteTeam "Besiktas Jimnastik Kulubu"]
[BlackTeam "Ankara Demirspor Kulubu"]
[WhiteFideId "6301037"]
[BlackFideId "6302513"]
[EventDate "2014.08.18"]

1. e4 e5 2. Nf3 Nc6 3. Bb5 a6 4. Ba4 d6 5. O-O Bd7 6. c3 Nf6 7. Re1 g6 8. d4 b5
9. Bb3 Bg7 10. h3 O-O 11. a4 h6 12. axb5 axb5 13. Rxa8 Qxa8 14. dxe5 Nxe5 15.
Nxe5 dxe5 16. Qf3 Bc6 17. Bc2 Nd7 18. Nd2 Kh7 19. Qg3 Nc5 20. Qe3 Ne6 21. Nf1 b4
22. Ng3 bxc3 23. bxc3 Nf4 24. Qc5 Rd8 25. Qc4 Rd7 26. Be3 h5 27. Ne2 Nxe2+ 28.
Rxe2 Qa1+ 29. Kh2 Bb7 30. Ba4 Rd6 31. Ra2 Qb1 32. Bc2 Qe1 33. Qxc7 Rd2 34. Qxb7
Rxf2 35. Bxf2 Qxf2 36. Bb3 1-0

[Event "TCh-TUR Super League 2014"]
[Site "Kocaeli TUR"]
[Date "2014.08.18"]
[Round "1.6"]
[Board "5"]
[White "Tuncer, Ufuk"]
[Black "Apaydin, Fethi"]
[Result "1-0"]
[WhiteTitle "FM"]
[BlackTitle "FM"]
[WhiteElo "2341"]
[BlackElo "2294"]
[WhiteTeam "Ankara Demirspor Kulubu"]
[BlackTeam "Besiktas Jimnastik Kulubu"]
[WhiteFideId "6300847"]
[BlackFideId "6302521"]
[EventDate "2014.08.18"]

1. d4 Nf6 2. Nf3 d6 3. c4 Nbd7 4. g3 g6 5. Bg2 Bg7 6. O-O O-O 7. Nc3 e5 8. e4
Re8 9. h3 c6 10. Be3 exd4 11. Nxd4 Nc5 12. Qc2 Qe7 13. Rfe1 a5 14. Rad1 a4 15.
Bf4 Nfd7 16. Bc1 Ne5 17. Nce2 Qc7 18. b4 axb3 19. axb3 Qb6 20. Kh2 Ra1 21. f4
Ned7 22. Bd2 Rxd1 23. Rxd1 Nf6 24. e5 dxe5 25. fxe5 Rxe5 26. b4 Ncd7 27. c5 Qa6
28. Nf4 Re8 29. Bc3 Qa8 30. b5 cxb5 31. Nxb5 Qb8 32. Nd6 Rf8 33. Qb2 Ne8 34.
Bxg7 Nxg7 35. Nd5 Nxc5 36. Ne7+ Kh8 37. Nexc8 Rxc8 38. Nxf7+ Kg8 39. Bd5 Rf8 40.
Rc1 Qa7 41. Qf6 Nd7 42. Qe7 Qf2+ 43. Kh1 Qd2 44. Qg5 Qxg5 45. Nxg5+ Kh8 46. Nf7+
Rxf7 47. Bxf7 Nf5 48. g4 Nh4 49. Bd5 Nf6 50. Rc8+ Kg7 51. Rc7+ Kh6 52. Bxb7 Kg5
53. Rc5+ Kf4 54. Rc4+ Kg3 55. Rc3+ Kf4 56. Kh2 g5 57. Rc4+ Ke5 58. Kg3 h6 59.
Rc5+ Kd4 60. Ra5 Ng6 61. Rf5 Ne8 62. Rd5+ Ke3 63. Rd7 Ke2 64. Rf7 1-0

[Event "TCh-TUR Super League 2014"]
[Site "Kocaeli TUR"]
[Date "2014.08.18"]
[Round "1.6"]
[Board "6"]
[White "Ozturk, Kubra"]
[Black "Gyokbulut, Julia"]
[Result "1-0"]
[WhiteTitle "WGM"]
[BlackTitle "WFM"]
[WhiteElo "2291"]
[BlackElo "2098"]
[WhiteTeam "Besiktas Jimnastik Kulubu"]
[BlackTeam "Ankara Demirspor Kulubu"]
[WhiteFideId "6302599"]
[BlackFideId "4153979"]
[EventDate "2014.08.18"]

1. d4 Nf6 2. Nf3 e6 3. c4 d5 4. e3 Be7 5. Nbd2 O-O 6. Bd3 Nbd7 7. e4 dxe4 8.
Nxe4 Nxe4 9. Bxe4 Nf6 10. Bc2 c5 11. O-O cxd4 12. Nxd4 e5 13. Nf5 Bxf5 14. Bxf5
Qc7 15. Qe2 g6 16. Bh3 Nh5 17. Rd1 Rad8 18. Rxd8 Rxd8 19. g3 Ng7 20. Bd2 Qd6 21.
Bc3 f6 22. Bg2 b6 23. Bd5+ Kf8 24. Rd1 Qc7 25. Qd2 g5 26. Qd3 f5 27. Qe3 Bf6 28.
Re1 Ne8 29. Bxe5 Qxe5 30. Qxe5 Bxe5 31. Rxe5 Nd6 32. Re6 Rd7 33. Kg2 Kg7 34. h4
gxh4 35. gxh4 Ne4 36. Kf3 Nc5 37. Re8 Nd3 38. b3 Nb4 39. Be6 Rd4 40. Bxf5 Rxh4
41. Re7+ Kf6 42. Rxh7 Rd4 43. Bb1 Rd1 44. Be4 Nxa2 45. Rxa7 Nc3 46. Ra6 Ke5 47.
Rxb6 Rd8 48. Bd5 Rf8+ 49. Kg2 Nd1 50. Bf3 Rg8+ 51. Kf1 Nc3 52. c5 Kd4 53. Rb4+
Kd3 54. c6 Rc8 55. Rc4 Rc7 56. Rc5 Nb1 57. Be2+ Kd4 58. b4 Nd2+ 59. Ke1 Ne4 60.
Rc4+ Kd5 61. b5 Nd6 62. Rc1 Nc8 63. Rd1+ Kc5 64. Rd7 Kb6 65. f4 Ne7 66. Rxc7
Kxc7 67. Kf2 Nf5 68. Bd3 1-0

[Event "TCh-TUR Super League 2014"]
[Site "Kocaeli TUR"]
[Date "2014.08.18"]
[Round "1.6"]
[Board "7"]
[White "Yuksel, Atilla Koksal"]
[Black "Arat, Ufuk Sezen"]
[Result "0-1"]
[WhiteTitle "CM"]
[WhiteElo "2107"]
[BlackElo "2189"]
[WhiteTeam "Ankara Demirspor Kulubu"]
[BlackTeam "Besiktas Jimnastik Kulubu"]
[WhiteFideId "6306667"]
[BlackFideId "6309089"]
[EventDate "2014.08.18"]

1. e4 d6 2. d4 Nf6 3. Nc3 g6 4. Be3 c6 5. Qd2 Nbd7 6. Nf3 b5 7. Bd3 e5 8. dxe5
dxe5 9. h3 Bb7 10. a4 a6 11. O-O Bg7 12. Ne2 O-O 13. Ng3 Qe7 14. c4 b4 15. c5 a5
16. Qc2 Rfd8 17. Rfd1 Bf8 18. Rac1 h6 19. Bc4 Ne8 20. Rd3 Ndf6 21. Rcd1 Rxd3 22.
Qxd3 Bc8 23. Qb3 Kg7 24. Bxf7 Qxf7 25. Bxh6+ Kg8 26. Qxf7+ Kxf7 27. Bxf8 Kxf8
28. Nxe5 Kg7 29. Nxc6 Bd7 30. Nd4 Bxa4 31. b3 Bd7 32. c6 Bc8 33. f4 Nc7 34. Kf2
Ne6 35. Ke3 Nxd4 36. Rxd4 Be6 37. Rd3 Rc8 38. Ne2 Nxe4 39. Nd4 Nc5 40. Nxe6+
Nxe6 41. Rd7+ Kf6 42. Ra7 Rxc6 43. Rxa5 Rc3+ 44. Ke4 Nc5+ 45. Kd5 Nxb3 46. Ra6+
Kf5 47. g4+ Kxf4 48. Rxg6 Rc5+ 49. Kd6 Rb5 50. Rf6+ Kg5 51. Rf2 Na5 0-1

[Event "TCh-TUR Super League 2014"]
[Site "Kocaeli TUR"]
[Date "2014.08.18"]
[Round "1.6"]
[Board "8"]
[White "Soylemez, Cansu"]
[Black "Sop, Selen"]
[Result "0-1"]
[BlackTitle "WFM"]
[WhiteElo "1919"]
[BlackElo "1961"]
[WhiteTeam "Besiktas Jimnastik Kulubu"]
[BlackTeam "Ankara Demirspor Kulubu"]
[WhiteFideId "6315429"]
[BlackFideId "6300278"]
[EventDate "2014.08.18"]

1. d4 Nf6 2. c4 g6 3. Nf3 Bg7 4. g3 O-O 5. Bg2 d6 6. O-O Nbd7 7. Nc3 c6 8. h3
Re8 9. e4 e5 10. d5 Nc5 11. Qc2 a5 12. Be3 cxd5 13. cxd5 b6 14. Bxc5 bxc5 15.
Nd2 Ba6 16. Rfe1 Nh5 17. Nd1 Rf8 18. Ne3 Bc8 19. Qd1 Bd7 20. Ndc4 Be8 21. Bf3
Nf6 22. Qd2 a4 23. b4 axb3 24. axb3 Rb8 25. Ra6 Bb5 26. Ra7 Ne8 27. Qc2 Nc7 28.
Rea1 h5 29. Bg2 h4 30. g4 Bh6 31. Qc3 Bxc4 32. bxc4 Rb6 33. Nf1 Qe7 34. Nd2 Rfb8
35. Qc2 Rb2 36. Qa4 Bxd2 37. Qc6 Qf6 38. Qxc7 Ba5 39. Qxf7+ Qxf7 40. Rxf7 Kxf7
41. Rxa5 Rb1+ 42. Bf1 Rc1 43. Kg2 Rbb1 44. Ra7+ Kf6 45. Bd3 Rb3 46. Bf1 Rd1 47.
Rd7 Rbb1 48. Rxd6+ Kf7 49. f4 Rxf1 50. fxe5 Rf4 51. e6+ Ke8 52. Rc6 Rb2+ 53. Kg1
Rxe4 0-1

[Event "TCh-TUR Super League 2014"]
[Site "Kocaeli TUR"]
[Date "2014.08.18"]
[Round "1.6"]
[Board "9"]
[White "Yaver, Faik Emre"]
[Black "Gokerkan, Cem Kaan"]
[Result "0-1"]
[WhiteElo "1919"]
[BlackElo "2052"]
[WhiteTeam "Ankara Demirspor Kulubu"]
[BlackTeam "Besiktas Jimnastik Kulubu"]
[WhiteFideId "6329969"]
[BlackFideId "6336760"]
[EventDate "2014.08.18"]

1. e4 c5 2. Nf3 d6 3. d4 cxd4 4. Nxd4 Nf6 5. Nc3 a6 6. Be3 e5 7. Nb3 Be6 8. f3
Be7 9. Qd2 Nbd7 10. O-O-O b5 11. g4 b4 12. Ne2 O-O 13. g5 Ne8 14. f4 exf4 15.
Bxf4 Ne5 16. Ned4 Bg4 17. Re1 a5 18. Rg1 a4 19. Bxe5 axb3 20. Nxb3 Be6 21. Bd4
Rxa2 22. Qxb4 Qa8 23. Bd3 Nc7 24. Bf6 Rb8 25. Qc3 Bf8 26. Kd1 Bxb3 27. cxb3 Ne6
28. Kc2 gxf6 29. gxf6+ Kh8 30. Bc4 Rc8 31. Rg4 Ra1 32. Qg3 Bh6 33. Rxa1 Qxa1 34.
Qg1 Qa5 35. Qd1 Qe5 36. Qf1 Bg5 37. Qf5 Nd4+ 0-1

[Event "TCh-TUR Super League 2014"]
[Site "Kocaeli TUR"]
[Date "2014.08.18"]
[Round "1.6"]
[Board "10"]
[White "Arda, Cagil Irmak"]
[Black "Kargaci, Humeyra"]
[Result "1-0"]
[WhiteTitle "WCM"]
[WhiteElo "1872"]
[BlackElo "1588"]
[WhiteTeam "Besiktas Jimnastik Kulubu"]
[BlackTeam "Ankara Demirspor Kulubu"]
[WhiteFideId "6351700"]
[BlackFideId "6360980"]
[EventDate "2014.08.18"]

1. e4 c6 2. d4 d5 3. exd5 cxd5 4. c4 Nf6 5. Nc3 Nc6 6. Bg5 dxc4 7. d5 Ne5 8. Qd4
Nd3+ 9. Bxd3 cxd3 10. Qxd3 h6 11. Bh4 Qb6 12. Nf3 g6 13. d6 g5 14. Bg3 exd6 15.
O-O Be6 16. Nb5 Nd5 17. Rfe1 O-O-O 18. Nfd4 a6 19. Na3 Nc7 20. Nxe6 fxe6 21. Nc4
Qb5 22. Qd4 e5 23. Bxe5 Ne6 24. Qg4 dxe5 25. Qxe6+ Kb8 26. Rxe5 Bc5 27. b3 Rde8
28. Qd5 b6 29. Nd6 Qd7 30. Nxe8 Qxd5 31. Rxd5 Rxe8 32. Rd2 Rf8 33. Kf1 Rf6 34.
f3 g4 35. Rd3 Kc7 36. Re1 Kc6 37. Re4 h5 38. Ke2 gxf3+ 39. Rxf3 Rg6 40. g3 Kd5
41. Re8 h4 42. Rd3+ Kc6 43. Re4 hxg3 44. hxg3 a5 45. Kf3 Kc7 46. g4 Bd6 47. Rc4+
Bc5 48. Rd5 Kc6 49. Rf5 Kb7 50. g5 Ka6 51. Kg4 Be7 52. Rc7 Bc5 53. Rf6 Rg8 54.
Rxc5 Kb7 55. Re5 Ka6 56. g6 Rg7 57. Kg5 Rg8 58. Re7 Kb5 59. g7 Ka6 60. Rf8 1-0

[Event "TCh-TUR Super League 2014"]
[Site "Kocaeli TUR"]
[Date "2014.08.19"]
[Round "2.1"]
[Board "1"]
[White "Mchedlishvili, Mikheil"]
[Black "Dubov, Daniil"]
[Result "1/2-1/2"]
[WhiteTitle "GM"]
[BlackTitle "GM"]
[WhiteElo "2618"]
[BlackElo "2614"]
[WhiteTeam "Tarsus Zeka Satranc Kulubu"]
[BlackTeam "Ankara Demirspor Kulubu"]
[WhiteFideId "13600966"]
[BlackFideId "24126055"]
[EventDate "2014.08.18"]

1. d4 Nf6 2. Nf3 e6 3. c4 Bb4+ 4. Bd2 a5 5. Nc3 b6 6. Bg5 h6 7. Bh4 a4 8. a3 Ba5
9. Nd2 Bb7 10. f3 c5 11. e3 O-O 12. Be2 cxd4 13. exd4 Nc6 14. Nde4 g5 15. Nxf6+
Qxf6 16. Bf2 d5 17. cxd5 Ne7 18. dxe6 Nd5 19. Rc1 Qxe6 20. O-O Ne3 21. Bxe3
Qxe3+ 22. Kh1 Rad8 23. d5 Bxc3 24. Rxc3 Qe5 25. Bc4 Bxd5 26. Qxa4 Bxc4 27. Qxc4
Rd2 28. f4 gxf4 1/2-1/2

[Event "TCh-TUR Super League 2014"]
[Site "Kocaeli TUR"]
[Date "2014.08.19"]
[Round "2.1"]
[Board "2"]
[White "Onischuk, Vladimir"]
[Black "Miroshnichenko, Evgenij"]
[Result "1-0"]
[WhiteTitle "GM"]
[BlackTitle "GM"]
[WhiteElo "2593"]
[BlackElo "2602"]
[WhiteTeam "Ankara Demirspor Kulubu"]
[BlackTeam "Tarsus Zeka Satranc Kulubu"]
[WhiteFideId "14114038"]
[BlackFideId "14102595"]
[EventDate "2014.08.18"]

1. e4 c5 2. Nf3 d6 3. d4 cxd4 4. Nxd4 Nf6 5. Nc3 Nc6 6. g3 g6 7. Bg2 Nxd4 8.
Qxd4 Bg7 9. e5 Nd7 10. Qa4 O-O 11. exd6 Nc5 12. Qa3 exd6 13. O-O Bf5 14. Bf4
Bxc2 15. Rac1 Bf5 16. Rcd1 Bd3 17. Rfe1 Qb6 18. Nd5 Qxb2 19. Qxb2 Bxb2 20. Bxd6
Rfd8 21. Bxc5 Bc2 22. Be7 Bxd1 23. Bxd8 Rxd8 24. Rxd1 1-0

[Event "TCh-TUR Super League 2014"]
[Site "Kocaeli TUR"]
[Date "2014.08.19"]
[Round "2.1"]
[Board "3"]
[White "Soylu, Suat"]
[Black "Baklan, Vladimir"]
[Result "0-1"]
[WhiteTitle "IM"]
[BlackTitle "GM"]
[WhiteElo "2394"]
[BlackElo "2655"]
[WhiteTeam "Tarsus Zeka Satranc Kulubu"]
[BlackTeam "Ankara Demirspor Kulubu"]
[WhiteFideId "6300065"]
[BlackFideId "14102196"]
[EventDate "2014.08.18"]

1. e4 c5 2. Nf3 d6 3. d4 cxd4 4. Qxd4 Nf6 5. Bb5+ Bd7 6. c4 a6 7. Bxd7+ Nfxd7 8.
O-O Nc6 9. Qd3 g6 10. Bd2 Bg7 11. Nc3 O-O 12. Rac1 Qb8 13. b3 Rc8 14. Bg5 h6 15.
Bh4 Nc5 16. Qe3 e6 17. Rfd1 b5 18. Bg3 e5 19. Nd5 b4 20. Bh4 Ra7 21. Bf6 Re8 22.
Ne1 a5 23. f3 Re6 24. Bh4 a4 25. Nc2 axb3 26. axb3 Ra2 27. Be1 Nd4 28. Ndxb4 Rb2
29. Rxd4 exd4 30. Nxd4 Re8 31. Bc3 Nxb3 32. Ndc6 Bxc3 33. Rxc3 Qa8 34. h4 Qa1+
35. Kh2 Nd2 36. Qf4 Nf1+ 37. Kh3 Rxb4 38. Nxb4 Qxc3 39. Nd5 Qd2 40. Qxd6 Re6 0-1